| 000 | 00519nam a2200181Ia 4500 | ||
|---|---|---|---|
| 008 | 151202s9999||||xx |||||||||||||| ||und|| | ||
| 082 | _bPNVM-66900 | ||
| 100 | _aदेशपांडे पु.ल. | ||
| 245 | _aदाद. | ||
| 260 | _b"मौज प्रकाशन गृह, मुंबई." | ||
| 260 | _c2005 | ||
| 300 | _a200 | ||
| 600 | _aदेशपांडे पु.ल. | ||
| 630 | _aदाद. | ||
| 700 | _aदेशपांडे पु.ल. | ||
| 730 | _aदाद. | ||
| 942 | _cBOOK | ||
| 999 |
_c1333432 _d1333429 |
||